[Event "SVK-chT1E 2425"]
[Site "Slovakia"]
[Date "2025.02.02"]
[Round "7.5"]
[White "Lasanda, Michal"]
[Black "Futyma, Dawid"]
[Result "0-1"]
[WhiteElo "2054"]
[BlackElo "2026"]
[PlyCount "105"]
[EventDate "2024.11.16"]
[EventType "team-tourn"]
[EventRounds "11"]
[EventCountry "SVK"]
[SourceTitle "CB14_2025"]
[SourceDate "2024.11.01"]
[SourceVersion "1"]
[SourceVersionDate "2024.11.01"]
[SourceQuality "1"]
[WhiteTeam "Michalovce Zemplin"]
[BlackTeam "Stropkov/Svidnik"]
[WhiteTeamCountry "SVK"]
[BlackTeamCountry "SVK"]

1. e4 c6 2. d4 d5 3. exd5 cxd5 4. c4 Nf6 5. Nc3 g6 6. cxd5 Bg7 7. Bb5+ Bd7 8. Bc4 0-0 9. Nge2 b5 10. Bxb5 Bxb5 11. Nxb5 Qxd5 12. a4 a6 13. Nbc3 Qxg2 14. Rg1 Qxh2 15. Bf4 Qh3 16. Qd2 Nc6 17. 0-0-0 Nb4 18. Rh1 Qf5 19. Ng3 Nd3+ 20. Qxd3 Qxf4+ 21. Kb1 Rfd8 22. Rhe1 Ra7 23. Re3 Qb8 24. Qe2 Qb4 25. Red3 Nd5 26. Nxd5 Rxd5 27. Qe4 Rd6 28. Rc1 Bxd4 29. b3 Bc5 30. Qxb4 Bxb4 31. Rc8+ Kg7 32. Kc2 Rad7 33. Rxd6 Rxd6 34. Ne4 Rd4 35. Rc4 Rxc4+ 36. bxc4 f5 37. Kb3 a5 38. Ng5 h5 39. f4 h4 40. Kc2 Bd6 41. c5 Bxc5 42. Ne6+ Kf6 43. Nxc5 h3 44. Nd3 h2 45. Nf2 e5 46. Kd3 exf4 47. Ke2 g5 48. Kf3 Ke5 49. Kg2 g4 50. Nd3+ Ke4 51. Nc5+ Kd4 52. Nb3+ Ke3 53. Kxh2 0-1

[Event "SVK-chT1E 2425"]
[Site "Slovakia"]
[Date "2024.11.16"]
[Round "1.5"]
[White "Lasanda, Michal"]
[Black "Macko, Michal"]
[Result "1/2-1/2"]
[WhiteElo "2054"]
[BlackElo "2120"]
[PlyCount "55"]
[EventDate "2024.11.16"]
[EventType "team-tourn"]
[EventRounds "11"]
[EventCountry "SVK"]
[SourceTitle "CB51_2024"]
[SourceDate "2024.12.18"]
[SourceVersion "1"]
[SourceVersionDate "2024.12.18"]
[SourceQuality "1"]
[WhiteTeam "Michalovce Zemplin"]
[BlackTeam "Liptov Chess School II"]
[WhiteTeamCountry "SVK"]
[BlackTeamCountry "SVK"]

1. e4 c5 2. Nc3 a6 3. g3 b5 4. Bg2 Bb7 5. d3 e6 6. Nh3 Nc6 7. 0-0 Nge7 8. Be3 d6 9. e5 Nf5 10. exd6 Bxd6 11. Ne4 Nxe3 12. fxe3 f5 13. Qh5+ g6 14. Nxd6+ Qxd6 15. Qh6 0-0-0 16. a4 b4 17. Qf4 e5 18. Qf2 b3 19. Ra3 bxc2 20. Qxc2 Nb4 21. Bxb7+ Kxb7 22. Qg2+ Qc6 23. Ng5 Qxg2+ 24. Kxg2 Rxd3 25. Nf7 Rd2+ 26. Rf2 Rxf2+ 27. Kxf2 Rf8 28. Nxe5 1/2-1/2

[Event "SVK-chT1E 2223"]
[Site "Slovakia"]
[Date "2024.03.09"]
[Round "10.4"]
[White "Kantorik, Marian"]
[Black "Lasanda, Michal"]
[Result "1-0"]
[WhiteElo "2184"]
[BlackElo "2095"]
[PlyCount "108"]
[EventDate "2023.10.21"]
[EventType "team-tourn"]
[EventRounds "11"]
[EventCountry "SVK"]
[SourceTitle "EXT 2025"]
[Source "ChessBase"]
[SourceDate "2024.10.14"]
[SourceVersion "1"]
[SourceVersionDate "2024.10.14"]
[SourceQuality "1"]
[WhiteTeam "Dunajov Martin"]
[BlackTeam "Michalovce Zemplin"]
[WhiteTeamCountry "SVK"]
[BlackTeamCountry "SVK"]

1. d4 Nf6 2. Nc3 d5 3. Bf4 e6 4. e3 a6 5. Nf3 c5 6. Ne5 Nc6 7. Be2 Bd6 8. 0-0 Qc7 9. Nxc6 Bxf4 10. exf4 bxc6 11. g3 cxd4 12. Qxd4 0-0 13. Na4 Nd7 14. b4 f6 15. c4 e5 16. Qd2 d4 17. Bf3 Nb6 18. Nxb6 Qxb6 19. Rfe1 Qc7 20. b5 Bd7 21. bxc6 Bxc6 22. Bxc6 Qxc6 23. fxe5 fxe5 24. Rxe5 Qxc4 25. Rc1 Qf7 26. Qxd4 Rad8 27. Qb2 Rd3 28. Qe2 Rf3 29. Rc2 h6 30. Re7 Qf6 31. Qe6+ Qxe6 32. Rxe6 Ra3 33. Re7 Rf6 34. h4 h5 35. Kg2 Kh8 36. Re5 g6 37. Re7 Kg8 38. Rc8+ Rf8 39. Rc6 Rxa2 40. Rxg6+ Kh8 41. Rh6+ Kg8 42. Rxh5 Rfxf2+ 43. Kh3 Rh2+ 44. Kg4 Ra4+ 45. Kg5 Rd2 46. Re5 Rd3 47. Kg6 Rd6+ 48. Kf5 Rd7 49. Rh6 Ra1 50. g4 a5 51. Rg6+ Kf8 52. h5 Ra7 53. h6 Rf1+ 54. Kg5 Rff7 1-0

[Event "SVK-chT1E 2223"]
[Site "Slovakia"]
[Date "2024.02.04"]
[Round "9.5"]
[White "Lasanda, Michal"]
[Black "Tomcik, Milan"]
[Result "1/2-1/2"]
[WhiteElo "2095"]
[BlackElo "1928"]
[PlyCount "24"]
[EventDate "2023.10.21"]
[EventType "team-tourn"]
[EventRounds "11"]
[EventCountry "SVK"]
[SourceTitle "EXT 2025"]
[Source "ChessBase"]
[SourceDate "2024.10.14"]
[SourceVersion "1"]
[SourceVersionDate "2024.10.14"]
[SourceQuality "1"]
[WhiteTeam "Michalovce Zemplin"]
[BlackTeam "Rajecke Teplice Slovan"]
[WhiteTeamCountry "SVK"]
[BlackTeamCountry "SVK"]

1. e4 d6 2. d4 Nf6 3. Nc3 e5 4. f4 exd4 5. Qxd4 Nc6 6. Bb5 Bd7 7. Bxc6 Bxc6 8. Nf3 Be7 9. Be3 0-0 10. 0-0-0 Ng4 11. Bg1 Bf6 12. Qd3 Bxc3 1/2-1/2

[Event "SVK-chT1E 2223"]
[Site "Slovakia"]
[Date "2023.11.26"]
[Round "4.6"]
[White "Lasanda, Michal"]
[Black "Minich, Miroslav"]
[Result "1/2-1/2"]
[WhiteElo "2095"]
[BlackElo "1931"]
[PlyCount "166"]
[EventDate "2023.10.21"]
[EventType "team-tourn"]
[EventRounds "11"]
[EventCountry "SVK"]
[SourceTitle "EXT 2025"]
[Source "ChessBase"]
[SourceDate "2024.10.14"]
[SourceVersion "1"]
[SourceVersionDate "2024.10.14"]
[SourceQuality "1"]
[WhiteTeam "Michalovce Zemplin"]
[BlackTeam "Zvolen Slavia"]
[WhiteTeamCountry "SVK"]
[BlackTeamCountry "SVK"]

1. e4 c6 2. d4 d5 3. exd5 cxd5 4. c4 Nf6 5. Nc3 e6 6. Nf3 Be7 7. Bd3 dxc4 8. Bxc4 0-0 9. 0-0 Nc6 10. Re1 a6 11. a3 b5 12. Ba2 Na5 13. Ne5 Bb7 14. Bg5 Rc8 15. Qd3 Nd5 16. Bxe7 Nxe7 17. Rad1 Nd5 18. Bb1 g6 19. Qg3 Rc7 20. Ne4 Nc4 21. Nxc4 Rxc4 22. Nc5 Qe7 23. h4 Bc8 24. Ba2 Rxd4 25. Rxd4 Qxc5 26. Red1 Bb7 27. h5 Rc8 28. hxg6 hxg6 29. Qe5 Qc7 30. Qg5 Qd8 31. Qxd8+ Rxd8 32. Rc1 Rd7 33. Rc5 Kg7 34. a4 bxa4 35. Ra5 Rd6 36. Raxa4 Rb6 37. Bxd5 Bxd5 38. Rdb4 Rc6 39. Ra3 Kf6 40. Rba4 Rc1+ 41. Kh2 Rc2 42. Rf4+ Kg7 43. Kg3 Rxb2 44. Rxa6 g5 45. Rd4 f5 46. f3 Rb5 47. Rd2 Kf6 48. Ra7 Rc5 49. Rb2 Rc3 50. Kh2 Re3 51. Rd7 Rc3 52. Rb6 Rd3 53. Rb2 Rc3 54. Ra7 Rc5 55. Ra3 Rc7 56. Rd3 Rc6 57. Kg3 Ra6 58. Rc3 Rd6 59. Kf2 Ra6 60. Ke3 Ra4 61. Rc7 Ra3+ 62. Kd4 Ra4+ 63. Kc3 g4 64. Kd3 gxf3 65. gxf3 Ra3+ 66. Rc3 Rxc3+ 67. Kxc3 Bxf3 68. Kd4 e5+ 69. Ke3 Bg4 70. Rb6+ Kg5 71. Rb5 e4 72. Rb8 Bh5 73. Rg8+ Bg6 74. Kd4 f4 75. Rxg6+ Kxg6 76. Kxe4 Kg5 77. Kf3 Kf5 78. Kf2 Ke4 79. Ke2 f3+ 80. Kf2 Kf4 81. Kf1 Ke3 82. Ke1 f2+ 83. Kf1 Kf3 1/2-1/2

[Event "SVK-chT1E 2223"]
[Site "Slovakia"]
[Date "2023.10.22"]
[Round "2.5"]
[White "Lasanda, Michal"]
[Black "Panko, Eduard1"]
[Result "1-0"]
[WhiteElo "2095"]
[BlackElo "2069"]
[PlyCount "68"]
[EventDate "2023.10.21"]
[EventType "team-tourn"]
[EventRounds "11"]
[EventCountry "SVK"]
[SourceTitle "EXT 2025"]
[Source "ChessBase"]
[SourceDate "2024.10.14"]
[SourceVersion "1"]
[SourceVersionDate "2024.10.14"]
[SourceQuality "1"]
[WhiteTeam "Michalovce Zemplin"]
[BlackTeam "Stropkov/Svidnik"]
[WhiteTeamCountry "SVK"]
[BlackTeamCountry "SVK"]

1. e4 e6 2. Qe2 e5 3. f4 d6 4. Nf3 Nc6 5. Qf2 Nf6 6. Nc3 Ng4 7. Qg1 Nb4 8. Kd1 exf4 9. h3 Ne5 10. d4 Nxf3 11. gxf3 Qh4 12. a3 Nc6 13. Nd5 Qd8 14. Bxf4 Ne7 15. Kd2 Ng6 16. Bg3 c6 17. Ne3 Be7 18. Bd3 Qa5+ 19. c3 Bd7 20. Nf5 0-0-0 21. Nxe7+ Nxe7 22. Bxd6 Ng6 23. b4 Qh5 24. Qg3 f5 25. e5 Qh6+ 26. Kc2 Nf4 27. Be7 Nxd3 28. Kxd3 f4 29. Qg5 Qxg5 30. Bxg5 Rdf8 31. c4 h6 32. Be7 Rf7 33. Bd6 g5 34. d5 Re8 1-0

[Event "SVK-chT1E 2223"]
[Site "Slovakia"]
[Date "2022.12.03"]
[Round "5.4"]
[White "Lasanda, Michal"]
[Black "Harvan, Richard"]
[Result "0-1"]
[WhiteElo "2060"]
[BlackElo "2085"]
[PlyCount "78"]
[EventDate "2022.10.15"]
[EventType "team-tourn"]
[EventRounds "11"]
[EventCountry "SVK"]
[SourceTitle "EXT 2024"]
[Source "ChessBase"]
[SourceDate "2023.10.10"]
[SourceVersion "1"]
[SourceVersionDate "2023.10.10"]
[SourceQuality "1"]
[WhiteTeam "Michalovce Zemplin"]
[BlackTeam "Humenne Reinter II"]
[WhiteTeamCountry "SVK"]
[BlackTeamCountry "SVK"]

1. e4 c5 2. Nc3 Nc6 3. f4 g6 4. Nf3 Bg7 5. Bb5 Nd4 6. Bc4 e6 7. 0-0 Ne7 8. d3 0-0 9. a4 d6 10. Ne2 Nxf3+ 11. gxf3 d5 12. Ba2 b6 13. Qe1 f5 14. Ng3 Qd7 15. c3 Ba6 16. Qd1 Rad8 17. e5 d4 18. c4 Bb7 19. Bb1 a5 20. Qb3 Qc6 21. Qb5 Qc7 22. Kf2 Nc6 23. Qb3 g5 24. Nh5 g4 25. Rg1 Rf7 26. Qd1 Rdf8 27. Ke1 Nxe5 28. fxe5 Bxf3 29. Qxf3 gxf3 30. Bf4 Kh8 31. Nxg7 Rxg7 32. Rg3 Rxg3 33. hxg3 Rg8 34. Kf2 Qf7 35. Bc2 Qh5 36. Rc1 Rg4 37. Bb1 Qh3 38. Ke1 Qg2 39. Rc2 Qg1+ 0-1

[Event "SVK-chT1E 2122"]
[Site "Slovakia"]
[Date "2022.05.14"]
[Round "10.6"]
[White "Lasanda, Michal"]
[Black "Strapec, Lukas"]
[Result "1-0"]
[WhiteElo "2069"]
[BlackElo "1830"]
[PlyCount "113"]
[EventDate "2022.01.29"]
[EventType "team-tourn"]
[EventRounds "11"]
[EventCountry "SVK"]
[SourceTitle "EXT 2023"]
[Source "ChessBase"]
[SourceDate "2022.10.05"]
[SourceVersion "1"]
[SourceVersionDate "2022.10.05"]
[SourceQuality "1"]
[WhiteTeam "Michalovce Zemplin"]
[BlackTeam "Banska Bystrica Junior"]
[WhiteTeamCountry "SVK"]
[BlackTeamCountry "SVK"]

1. e4 c5 2. Nc3 e6 3. f4 Nc6 4. Nf3 d5 5. Bb5 Nf6 6. exd5 exd5 7. 0-0 Be7 8. Ne5 Qd6 9. Qf3 0-0 10. Bxc6 bxc6 11. b3 h5 12. h3 Bf5 13. d3 Rac8 14. Ba3 Qc7 15. Na4 Qa5 16. g4 hxg4 17. hxg4 Bh7 18. g5 Ne8 19. Nd7 Nc7 20. Nxf8 Rxf8 21. Rae1 Ne6 22. Bb2 Bf5 23. Re5 g6 24. Re2 Bd6 25. Bf6 Ng7 26. Rh2 Re8 27. Rh6 Qd2 28. Rh2 Qe3+ 29. Qxe3 Rxe3 30. Nc3 Nh5 31. Nd1 Rg3+ 32. Rg2 Rxg2+ 33. Kxg2 Nxf4+ 34. Kf3 Nh5 35. Ne3 Nxf6 36. Nxf5 gxf5 37. gxf6 Kf8 38. Rh1 Kg8 39. Rh5 f4 40. a4 Bc7 41. Rg5+ Kf8 42. c4 dxc4 43. bxc4 Bd6 44. Ke4 a5 45. d4 Ke8 46. d5 cxd5+ 47. Kxd5 Kd7 48. Rh5 Kc7 49. Rh7 f3 50. Rh3 f2 51. Rf3 Kd7 52. Rxf2 Kc7 53. Rb2 Bf4 54. Rb5 Bd2 55. Rxc5+ Kd7 56. Rb5 Kc7 57. c5 1-0

[Event "SVK-chT1E 1819"]
[Site "Slovakia"]
[Date "2018.11.24"]
[Round "3.5"]
[White "Lisko, Frantisek"]
[Black "Lasanda, Michal"]
[Result "1-0"]
[WhiteElo "2275"]
[BlackElo "2085"]
[PlyCount "61"]
[EventDate "2018.10.27"]
[EventType "team-tourn"]
[EventRounds "11"]
[EventCountry "SVK"]
[SourceTitle "CBM 188 Extra"]
[Source "ChessBase"]
[SourceDate "2019.02.28"]
[SourceVersion "1"]
[SourceVersionDate "2019.02.28"]
[SourceQuality "1"]
[WhiteTeam "Dunajov Inbest II"]
[BlackTeam "Michalovce Zemplin"]
[WhiteTeamCountry "SVK"]
[BlackTeamCountry "SVK"]

1. d4 Nf6 2. c4 e6 3. Nc3 Bb4 4. e3 b6 5. Bd3 Bb7 6. Nf3 Ne4 7. Qc2 f5 8. 0-0 Bxc3 9. bxc3 0-0 10. Nd2 Qh4 11. f3 Nf6 12. e4 fxe4 13. fxe4 d6 14. Nf3 Qh5 15. e5 dxe5 16. Nxe5 Nbd7 17. Bf4 Nxe5 18. Bxe5 Ng4 19. Qe2 Qg5 20. Bxc7 Ne3 21. Rxf8+ Rxf8 22. Bg3 Bxg2 23. Bh4 Qxh4 24. Qxe3 Qg4 25. Qg3 Qxg3 26. hxg3 Bh3 27. Be2 Rf6 28. Rb1 Bf5 29. Rb5 Bg6 30. Re5 Kf7 31. c5 1-0

[Event "SVK-chT1E 1718"]
[Site "Slovakia"]
[Date "2018.02.17"]
[Round "8.5"]
[White "Jacko, Vladimir1"]
[Black "Lasanda, Michal"]
[Result "1/2-1/2"]
[WhiteElo "2317"]
[BlackElo "2113"]
[PlyCount "120"]
[EventDate "2017.10.21"]
[EventType "team-tourn"]
[EventRounds "11"]
[EventCountry "SVK"]
[SourceTitle "EXT 2019"]
[Source "ChessBase"]
[SourceDate "2018.10.10"]
[SourceVersion "1"]
[SourceVersionDate "2018.10.10"]
[SourceQuality "1"]
[WhiteTeam "Zilina Mladost"]
[BlackTeam "Michalovce Zemplin"]
[WhiteTeamCountry "SVK"]
[BlackTeamCountry "SVK"]

1. d4 Nf6 2. g3 e6 3. c4 Be7 4. Bg2 d5 5. Nf3 0-0 6. 0-0 b6 7. Nc3 Bb7 8. Ne5 Na6 9. Bf4 c5 10. cxd5 exd5 11. Rc1 Nc7 12. dxc5 bxc5 13. Nc4 Ne6 14. Be5 Qd7 15. Bxf6 Bxf6 16. Nxd5 Bd4 17. e4 Rfd8 18. Qg4 Qa4 19. a3 Ba6 20. Qe2 Rab8 21. b4 cxb4 22. Nxb4 Bb5 23. Qa2 Rbc8 24. Bh3 Kf8 25. Rfe1 a5 26. Bxe6 fxe6 27. Nxa5 Rxc1 28. Rxc1 Qxa5 29. Qxe6 Qa7 30. Rc8 Rxc8 31. Qxc8+ Be8 32. Nd5 Qf7 33. Nf4 Kg8 34. Qc2 Be5 35. Nd5 h6 36. a4 Bd7 37. a5 Bd4 38. a6 Bb5 39. Nc7 Bc4 40. Nd5 Bxa6 41. Qa2 Bc4 42. Qd2 Ba7 43. Kg2 Kh8 44. Nf4 Bb6 45. h4 Bc7 46. Nd5 Be5 47. f4 Bxd5 48. Qxd5 Qxd5 49. exd5 Bd6 50. h5 Kg8 51. Kf3 Kf7 52. Ke4 Kf6 53. g4 Ba3 54. Kd4 Bc1 55. Ke4 Bb2 56. Kf3 Bc3 57. Ke4 Be1 58. Kd4 Bg3 59. Ke4 Bh2 60. Kf3 Bg1 1/2-1/2

[Event "SVK-chT1E 1516"]
[Site "Slovakia"]
[Date "2016.03.19"]
[Round "10.2"]
[White "Dujava, Jonas"]
[Black "Lasanda, Michal"]
[Result "0-1"]
[WhiteElo "2101"]
[BlackElo "2164"]
[PlyCount "78"]
[EventDate "2015.10.24"]
[EventType "team-tourn"]
[EventRounds "11"]
[EventCountry "SVK"]
[SourceTitle "EXT 2017"]
[Source "ChessBase"]
[SourceDate "2016.10.25"]
[SourceVersion "1"]
[SourceVersionDate "2016.10.25"]
[SourceQuality "1"]
[WhiteTeam "Kezmarok"]
[BlackTeam "Michalovce Zemplin"]
[WhiteTeamCountry "SVK"]
[BlackTeamCountry "SVK"]

1. e4 c5 2. Nf3 Nc6 3. d4 cxd4 4. Nxd4 Nf6 5. Nc3 e5 6. Nf3 Bb4 7. Bc4 0-0 8. Qd3 d5 9. Bxd5 Nxd5 10. Qxd5 Qxd5 11. exd5 Nd4 12. 0-0 Nxc2 13. Rb1 Bf5 14. a3 Ba5 15. b4 Bb6 16. Rd1 Rac8 17. Na4 Bd4 18. Bb2 Bxb2 19. Rxb2 Nxa3 20. Nc5 b6 21. Nh4 Nc4 22. Ra2 Bg4 23. f3 Bh5 24. Nd7 Rfe8 25. g4 Bg6 26. Nxg6 hxg6 27. Rxa7 f5 28. Rb7 Ne3 29. Rd3 f4 30. Rxb6 Rc1+ 31. Kf2 e4 32. fxe4 Rxe4 33. Re6 Rf1+ 34. Ke2 f3+ 35. Kd2 Rd1+ 36. Kc3 Rc4+ 37. Kb3 Rxd3+ 38. Ka4 Nxd5 39. Ne5 Rxb4+ 0-1

[Event "SVK-chT1E 1516"]
[Site "Slovakia"]
[Date "2015.10.25"]
[Round "2.6"]
[White "Matejov, Jaroslav"]
[Black "Lasanda, Michal"]
[Result "0-1"]
[WhiteElo "2104"]
[BlackElo "2164"]
[PlyCount "128"]
[EventDate "2015.10.24"]
[EventType "team-tourn"]
[EventRounds "11"]
[EventCountry "SVK"]
[SourceTitle "CBM 169 Extra"]
[Source "ChessBase"]
[SourceDate "2015.12.18"]
[SourceVersion "1"]
[SourceVersionDate "2015.12.18"]
[SourceQuality "1"]
[WhiteTeam "Zilina Mladost"]
[BlackTeam "Michalovce Zemplin"]
[WhiteTeamCountry "SVK"]
[BlackTeamCountry "SVK"]

1. e4 c5 2. Nf3 Nc6 3. Nc3 Nf6 4. e5 Ng4 5. Qe2 g6 6. h3 Nh6 7. d4 cxd4 8. Nb5 Bg7 9. Nbxd4 0-0 10. c3 d6 11. Nxc6 bxc6 12. Bf4 dxe5 13. Nxe5 Qb6 14. Nc4 Qc5 15. Be3 Qb5 16. Qd2 Nf5 17. Be2 Nxe3 18. Nxe3 Qg5 19. Bf3 Be6 20. 0-0-0 Bxa2 21. Bxc6 Rab8 22. h4 Qa5 23. b4 Qa3+ 24. Qb2 Qxc3+ 25. Qxc3 Bxc3 26. b5 a6 27. Rd3 Bf6 28. Ra3 axb5 29. Rxa2 Rfc8 30. Rc2 b4 31. Bd5 Rd8 32. Bb3 Rd3 33. Bc4 Ra3 34. Kd2 Rd8+ 35. Ke2 b3 36. Rd2 Rc8 37. Rb1 b2 38. g3 Rxe3+ 39. fxe3 Rxc4 40. Rbxb2 Bxb2 41. Rxb2 Kg7 42. Kf3 f5 43. Rb7 Kf6 44. Rb8 Rc2 45. Rh8 e5 46. g4 fxg4+ 47. Kxg4 Rc4+ 48. Kg3 h5 49. Rf8+ Ke6 50. Kh3 Rg4 51. Rf3 Kd5 52. Rg3 Rxg3+ 53. Kxg3 Ke4 54. Kf2 Kf5 55. Kf3 e4+ 56. Kg3 g5 57. Kh3 gxh4 58. Kxh4 Kg6 59. Kg3 Kg5 60. Kh3 h4 61. Kh2 Kg4 62. Kg2 h3+ 63. Kf2 h2 64. Kg2 h1N 0-1

[Event "SVK-chT1E 1314"]
[Site "Slovakia"]
[Date "2014.03.22"]
[Round "10.3"]
[White "Lasanda, Michal"]
[Black "Vojtko, Marek"]
[Result "1-0"]
[WhiteElo "2141"]
[BlackElo "2015"]
[PlyCount "78"]
[EventDate "2013.10.12"]
[EventType "team-tourn"]
[EventRounds "11"]
[EventCountry "SVK"]
[SourceTitle "EXT 2015"]
[Source "ChessBase"]
[SourceDate "2014.11.20"]
[SourceVersion "1"]
[SourceVersionDate "2014.11.20"]
[SourceQuality "1"]
[WhiteTeam "Michalovce Zemplin"]
[BlackTeam "Prakovce"]
[WhiteTeamCountry "SVK"]
[BlackTeamCountry "SVK"]

1. e4 e6 2. d3 c5 3. g3 Nc6 4. Bg2 g6 5. Nf3 Bg7 6. 0-0 Nge7 7. Re1 d6 8. c3 e5 9. Nbd2 0-0 10. Nf1 f5 11. Qb3+ Kh8 12. Ng5 Qe8 13. f4 h6 14. Nf3 Qf7 15. Qxf7 Rxf7 16. Be3 exf4 17. gxf4 fxe4 18. dxe4 Bg4 19. Rad1 Rd8 20. N1d2 d5 21. Nb3 c4 22. Nbd2 dxe4 23. Nxe4 Nd5 24. Nf2 Bxf3 25. Bxf3 Nxe3 26. Rxd8+ Nxd8 27. Rxe3 Rxf4 28. Re8+ Rf8 29. Re3 b5 30. Kg2 Bf6 31. Bd5 Bg5 32. Re2 Kg7 33. b3 cxb3 34. axb3 Nf7 35. Ne4 a5 36. Ra2 b4 37. c4 Bd8 38. Nc5 Nd6 39. Ne6+ Kf7 1-0

[Event "SVK-chT1E 1314"]
[Site "Slovakia"]
[Date "2013.12.15"]
[Round "6.6"]
[White "Lasanda, Michal"]
[Black "Veselovsky, Jan"]
[Result "1-0"]
[WhiteElo "2141"]
[BlackElo "2019"]
[PlyCount "45"]
[EventDate "2013.10.12"]
[EventType "team-tourn"]
[EventRounds "11"]
[EventCountry "SVK"]
[SourceTitle "EXT 2015"]
[Source "ChessBase"]
[SourceDate "2014.11.20"]
[SourceVersion "1"]
[SourceVersionDate "2014.11.20"]
[SourceQuality "1"]
[WhiteTeam "Michalovce Zemplin"]
[BlackTeam "Bardejov"]
[WhiteTeamCountry "SVK"]
[BlackTeamCountry "SVK"]

1. e4 c6 2. d4 d5 3. exd5 cxd5 4. c4 Nf6 5. Nc3 Nc6 6. Bg5 Qb6 7. cxd5 Nxd4 8. Nf3 Qxb2 9. Rc1 Nxf3+ 10. Qxf3 a6 11. Bc4 h6 12. Rb1 Qa3 13. Bxf6 gxf6 14. 0-0 Rg8 15. Rfe1 f5 16. Rbd1 Qd6 17. Re3 f4 18. Re6 Qb4 19. Bb3 Bd7 20. Ne4 fxe6 21. Qh5+ Kd8 22. dxe6 a5 23. Rxd7+ 1-0